00481nam a2200169Ia 4500008004100000082000800041100001900049245004600068250000600114260002800120300001000148500002400158650001500182942000700197952009000204999001700294230524s9999 xx 000 0 und d bKIS aRavi M.Kishore 0aStrategic Financial Management : CA Final a1 aNew DelhibTaxmanc2013 a556p: aQuantity Number: 1 aManagement cBK 00104070aTATCLbTATCLcGENd2023-05-24l0o KISp54052r2023-05-24w2023-05-24yBK c57689d57689